Регионална библиотека "Любен Каравелов" - Русе

Истината и неистината за религията (Запис номер 145571)

MARC детайли
000 -Лидер
Контролно поле с фиксирана дължина nam a22 a 4500
003 - Код на организацията, давaща контролен номер
Контролно поле BLK
005 - Дата и час на последна редакция
Контролно поле 20221028114017.0
008 - Елементи от данни с фиксирана дължина
fixed length control field 180410b bul|||||r ||||||| ||bul||
010 ## - Наследен системен номер
LC control number KNG00151752000
040 ## - Източник на каталожния запис
Идентификатор на билиотеката - собственик на записа BLK
041 ## - Код за език
Код за езика на текст/звукозапис или на отделно заглавие Български
Код за езика КДБФ Български
080 ## - УДК
Текстов определител УДК Бог. Деизъм. Теизъм. Атеизъм. Свободомислие. Вж и 122; 125; 141. 132;231; 234; 239; 272/273; 291. 2
УДК код - определител по УДК 211
УДК - код + определител 211
100 1# - Редна дума - Автор
Автор Мизов, Николай Михайлов
Авторска отговорност първи автор
R(LIN) 376594
139 ## - Редно поле
Редна дума Мизов, Николай Михайлов
Авторски знак Ми - М 53
245 10 - Сведения за заглавието
Заглавие Истината и неистината за религията
Подзаглавни данни Науч.-попул. очерк
Редно поле (дума) Николай Михайлов Мизов.
257 ## - Страна на издаване
Страна на създаване/издаване България
260 ## - Област на издателските данни
Място на издаване, разпространение и проч. София
Име на издателя, разпространителя и проч. Нар. младеж
Година на издаване 1977
300 ## - Физическа характеристика
Страници 232 с.
Размери/Мащаб 20 см
380 ## - Жанр
Жанр Религия. Теология
490 ## - СЕРИИ (Колекции)
Име на серия В помощ на политическата учебна година на Димитровския комсомол
9 (RLIN) 206517
500 ## - Общи забележки
Забележка 7 137 тир. - Библиогр. под линия.
650 #4 - Допълнително описание по предмет – тема
Основно описание – тема или топоним Религия
9 (RLIN) 169291
650 #4 - Допълнително описание по предмет – тема
Основно описание – тема или топоним Атеизъм
9 (RLIN) 147816
653 ## - Ключова дума – ненормативна
Ключова дума религия
653 ## - Ключова дума – ненормативна
Ключова дума атеизъм
852 ## - Местоположение
Форматна сигнатура Цб 86226
856 4# - Електронен адрес и достъп
Електронен формат pdf - файл
Инструкция (цена за достъп) 0.00
Права за достъп disable
856 4# - Електронен адрес и достъп
Електронен формат pdf - файл
Инструкция (цена за достъп) 0.00
Права за достъп disable
999 ## - СИСТЕМНИ КОНТРОЛНИ НОМЕРА
Koha biblionumber 145571
Koha biblioitemnumber 145571
942 ## - АРТИКУЛИ
Вид на библиотечния материал Книги
Скрит в OPAC Не
Периодичен библиозапис Да
944 ## - СЪЗДАВАНЕ И РЕДАКЦИЯ на ЗАПИСА
Създаване/Редакция Създаване
Дата на регистрацията/редакция 14.10.2013
Статус, дата на статуса 14.10.2013 - от С1,Р / 14.10.2013
Служител, извършил регистрацията/редакцията Радостина_Карадакова
944 ## - СЪЗДАВАНЕ И РЕДАКЦИЯ на ЗАПИСА
Създаване/Редакция Редакция
Дата на регистрацията/редакция 14.10.2013
Статус, дата на статуса 14.10.2013 - от С1,Р / 14.10.2013
999 ## - СИСТЕМНИ КОНТРОЛНИ НОМЕРА
Koha biblioitemnumber 145571
Наличности
Код за отписване Код за изгубен артикул Източник на класификационната схема Код за повреда Коз за рестрикции Код за отдаване Артикулен № Име на библиотеката - собственик Име на библиотеката, в която се намира в момента Статус (Текущо местоположение) Дата на вписване в системата Местоположение - отдел Цена в лева Инвентарен номер Систематично азбучна сигнатура Баркод Номер на екземпляра Цена в евро Служебна бележка Служебен тип на артикула
  Не е изгубен Universal Decimal Classification Не е повреден само за читалня ползва се в читалня 241776 Регионална библиотека "Любен Каравелов" Русе Регионална библиотека "Любен Каравелов" Русе Хранилище 1977-01-01 Хранилище 0.60 228382 Цб 86226 120000228382 1 0.31 Дата: 01.01.1977 Книги
Vip Innovations Ltd, Rousse, Bulgaria 2025